| 000 | 00921nam a2200313 c 4500 | ||
|---|---|---|---|
| 003 | BLK | ||
| 005 | 20190913121237.0 | ||
| 008 | 180911b bul|||||r ||||||| ||bul|| | ||
| 010 | _a002999 | ||
| 040 | _aBLK | ||
| 041 | _aITA | ||
| 080 | _z859.0-31 | ||
| 100 | 1 |
_aSADOVEANU, M. _eпърви автор |
|
| 245 | 0 | 0 | _aIl Mulino sul Siret |
| 246 | _pепос-романи | ||
| 260 |
_aFirenze et al. _bNovissima _c1932 |
||
| 300 |
_aVIII, 283 с _c20 см |
||
| 380 | _a82 | ||
| 490 | _aBibl. Romena | ||
| 490 |
_aЧастна колекция - Академик Михаил Арнаудов _gДарение - Основен фонд |
||
| 653 |
_9 _aепос |
||
| 653 |
_9 _aромани |
||
| 655 | _aрумънска литература | ||
| 700 | 1 | _aM. Sadoveanu | |
| 700 | 1 | _a Trad. di L. Santangelo | |
| 700 | 1 | _a Pref di G. B. Angioletti | |
| 852 | _aМА 938 | ||
| 942 |
_cKNG _n0 |
||
| 944 |
_aCR _c1996 _kValK |
||
| 999 |
_c343338 _d343338 |
||